000 00783nam a2200217Ii 4500
003 JO-AjNU
008 230605s9999||||xx |||||||||||||| ||und||
017 _a1985/21/1
040 _aJO-AjNU
_bara
_erda
_cJO-AjNU
041 _aara
050 1 4 _aDS153.A3.F375.1985
100 3 _aتقديم حتر، ناهض,
_eauthor
_918922
245 0 0 _aفي القضية الأردنية العربية: مجموعة وثائق سياسية-1929
250 _aط2
264 3 1 _aعمان: الدار العربية للتوزيع والنشر، 1985
300 _a200ص
_bصور توضيحية
336 _atext
_btxt
_2rdacontent
337 _aunmediated
_bn
_2rdamedia
338 _avolume
_bnc
_2rdacarrier
650 4 _aالاردن تاريخ -الوثائق السياسية 1929
_918923
999 _aA6142
_c9710
_d9710